[Event "Cappelle Online Blitz op"]
[Site "Europe Echecs INT"]
[Date "2022.01.09"]
[Round "4"]
[White "Bossard, Arnaud"]
[Black "Vine, Thibault"]
[Result "1-0"]
[WhiteElo "2224"]
[BlackElo "1850"]
[PlyCount "81"]
[EventDate "2022.01.09"]
[EventType "swiss (blitz)"]
[EventRounds "11"]
[EventCountry "FRA"]
[SourceTitle "EXT 2023"]
[Source "ChessBase"]
[SourceDate "2022.10.05"]
[SourceVersion "1"]
[SourceVersionDate "2022.10.05"]
[SourceQuality "1"]

1. d4 Nf6 2. c4 e6 3. Nf3 Be7 4. Nc3 0-0 5. e4 d5 6. e5 Nfd7 7. cxd5 exd5 8. Bd3 h6 9. Nxd5 b6 10. Nxe7+ Qxe7 11. Be4 c6 12. 0-0 Bb7 13. Re1 Na6 14. a3 Nc7 15. a4 Nd5 16. Bb1 f5 17. a5 bxa5 18. Rxa5 N7b6 19. Bd3 Bc8 20. Bd2 Be6 21. Qa1 Qf7 22. Rc5 Rfc8 23. Rec1 Qd7 24. Ba6 Rc7 25. Bd3 a5 26. Rxa5 Rxa5 27. Qxa5 Ra7 28. Qc5 Rc7 29. Ba5 Nf4 30. Bf1 Bd5 31. Bxb6 Rb7 32. Ne1 Qe8 33. Nd3 Nh3+ 34. Kh1 Qg6 35. f3 Ng5 36. Nf4 Qf7 37. Nxd5 cxd5 38. Qc8+ Kh7 39. Rc7 Rxb6 40. Rxf7 Rxb2 41. Qxf5+ 1-0

[Event "Tetraktys Concept Mgmt"]
[Site "Europe Echecs INT"]
[Date "2021.06.06"]
[Round "10"]
[White "Vine, Thibault"]
[Black "Llari, Marc"]
[Result "1-0"]
[WhiteElo "1850"]
[BlackElo "1344"]
[PlyCount "49"]
[EventDate "2021.06.06"]
[EventType "swiss (blitz)"]
[EventRounds "11"]
[EventCountry "FRA"]
[SourceTitle "CBM 202 Extra"]
[Source "ChessBase"]
[SourceDate "2021.07.31"]
[SourceVersion "1"]
[SourceVersionDate "2021.07.31"]
[SourceQuality "1"]

1. e4 e5 2. Nf3 Nc6 3. Bc4 Nf6 4. d3 Bc5 5. 0-0 d6 6. c3 0-0 7. h3 h6 8. Be3 Bb6 9. Nbd2 Be6 10. Bb3 Qd7 11. Bc2 Bxh3 12. gxh3 Qxh3 13. Bxb6 axb6 14. Nh2 Kh8 15. Qf3 Qd7 16. Kh1 Nh7 17. Rg1 Ng5 18. Qg4 f5 19. exf5 Rxf5 20. d4 Qf7 21. Qxf5 Qxf5 22. Bxf5 Rf8 23. Bd3 Rxf2 24. Raf1 Rxd2 25. Rf8# 1-0

[Event "C'Chartres Blitz op April"]
[Site "Europe Echecs INT"]
[Date "2021.04.10"]
[Round "6"]
[White "Sharikov, Alexander"]
[Black "Vine, Thibault"]
[Result "1-0"]
[WhiteElo "2132"]
[BlackElo "1850"]
[PlyCount "60"]
[EventDate "2021.04.10"]
[EventType "swiss (blitz)"]
[EventRounds "11"]
[EventCountry "FRA"]
[SourceTitle "CBM 201 Extra"]
[Source "ChessBase"]
[SourceDate "2021.05.31"]
[SourceVersion "1"]
[SourceVersionDate "2021.05.31"]
[SourceQuality "1"]

1. c3 d5 2. Qa4+ c6 3. d3 Nf6 4. h3 e5 5. g4 h6 6. Bg2 Bc5 7. Nd2 Be6 8. Ngf3 Nbd7 9. g5 hxg5 10. Nxg5 Qb6 11. Rf1 0-0 12. Qh4 Bf5 13. e4 Bg6 14. f4 exf4 15. d4 Bd6 16. e5 Rae8 17. Ndf3 Bxe5 18. dxe5 Nxe5 19. Nxe5 Rxe5+ 20. Kd1 d4 21. Qxf4 dxc3 22. Qxe5 c2+ 23. Kd2 Qb4+ 24. Qc3 Rd8+ 25. Ke2 Re8+ 26. Kf2 Qb6+ 27. Be3 Qb5 28. Kg1 Nd5 29. Bxd5 Qxd5 30. Qd2 Qd6 1-0

[Event "Cappelle Online Bullet op"]
[Site "Europe Echecs INT"]
[Date "2021.03.05"]
[Round "5"]
[White "Benmesbah, Natacha"]
[Black "Vine, Thibault"]
[Result "1-0"]
[WhiteElo "2223"]
[BlackElo "1850"]
[PlyCount "57"]
[EventDate "2021.03.05"]
[EventType "swiss (blitz)"]
[EventRounds "15"]
[EventCountry "FRA"]
[SourceTitle "EXT 2022"]
[Source "ChessBase"]
[SourceDate "2021.10.06"]
[SourceVersion "1"]
[SourceVersionDate "2021.10.06"]
[SourceQuality "1"]

1. e4 c5 2. Nf3 e6 3. b3 Ne7 4. Bb2 d5 5. exd5 exd5 6. Bb5+ Nbc6 7. 0-0 Bg4 8. d4 a6 9. Bxc6+ bxc6 10. dxc5 Ng6 11. Nbd2 Be7 12. Qe2 0-0 13. h3 Bf5 14. c4 Bxc5 15. cxd5 cxd5 16. Rac1 Bb6 17. Nd4 Be4 18. Nxe4 dxe4 19. Qxe4 Bxd4 20. Qxd4 Qxd4 21. Bxd4 Rad8 22. Be3 Rc8 23. Rfd1 h6 24. g3 Rfd8 25. Kg2 Rxd1 26. Rxd1 Rc2 27. Rd2 Rc1 28. Rd8+ Nf8 29. Bxc1 1-0

[Event "Cappelle Online Bullet op"]
[Site "Europe Echecs INT"]
[Date "2021.03.05"]
[Round "12"]
[White "Vine, Thibault"]
[Black "Viani, Antonio Dcunha"]
[Result "0-1"]
[WhiteElo "1850"]
[BlackElo "2397"]
[PlyCount "128"]
[EventDate "2021.03.05"]
[EventType "swiss (blitz)"]
[EventRounds "15"]
[EventCountry "FRA"]
[SourceTitle "EXT 2022"]
[Source "ChessBase"]
[SourceDate "2021.10.06"]
[SourceVersion "1"]
[SourceVersionDate "2021.10.06"]
[SourceQuality "1"]

1. e4 Nf6 2. e5 Ng8 3. c4 d6 4. d4 dxe5 5. d5 e6 6. Nc3 exd5 7. Nxd5 Nf6 8. Bg5 Be7 9. Nxe7 Qxe7 10. Nf3 h6 11. Bh4 Nc6 12. Bg3 Bg4 13. Be2 e4 14. Nd2 Bxe2 15. Qxe2 Nd4 16. Qd1 0-0-0 17. 0-0 e3 18. fxe3 Qxe3+ 19. Kh1 Qe2 20. Qa4 Qxd2 21. Qxa7 Nc6 22. Qa8+ Nb8 23. c5 Rhe8 24. c6 bxc6 25. Rac1 Qd3 26. Rg1 Qa6 27. Qxa6+ Nxa6 28. Rxc6 Nb4 29. Rxc7+ Kb8 30. Rc4+ Kb7 31. Rxb4+ Ka6 32. Ra4+ Kb5 33. b3 Ne4 34. Bh4 g5 35. Be1 Rd1 36. h3 Rxe1 37. Rxe1 Nf2+ 38. Kg1 Rxe1+ 39. Kxf2 Rb1 40. a3 Rxb3 41. Rb4+ Rxb4 42. axb4 Kxb4 43. Kg3 Kc5 44. Kg4 Kd4 45. Kf5 Ke3 46. g4 Kf3 47. Kf6 Kg3 48. Kxf7 Kxh3 49. Kg6 Kxg4 50. Kxh6 Kh4 51. Kg6 g4 52. Kf5 g3 53. Kf4 g2 54. Kf3 g1Q 55. Ke2 Qg3 56. Kd2 Kg4 57. Kc2 Kf4 58. Kb2 Qe3 59. Ka2 Ke4 60. Kb2 Kd4 61. Kc2 Qc3+ 62. Kb1 Kd3 63. Ka2 Qb4 64. Ka1 Kc2 0-1

[Event "Ville d'Orsay online Blitz"]
[Site "Europe Echecs INT"]
[Date "2021.02.07"]
[Round "4"]
[White "Droin, Augustin"]
[Black "Vine, Thibault"]
[Result "1-0"]
[WhiteElo "2289"]
[BlackElo "1850"]
[PlyCount "65"]
[EventDate "2021.02.07"]
[EventType "swiss (blitz)"]
[EventRounds "11"]
[EventCountry "FRA"]
[SourceTitle "CBM 200 Extra"]
[Source "ChessBase"]
[SourceDate "2021.03.31"]
[SourceVersion "1"]
[SourceVersionDate "2021.03.31"]
[SourceQuality "1"]

1. e4 c5 2. Nf3 Nc6 3. Bb5 d6 4. 0-0 e5 5. c3 a6 6. Ba4 b5 7. Bc2 Bg4 8. h3 Bh5 9. a4 Nf6 10. Na3 b4 11. Nc4 a5 12. Ne3 Be7 13. Re1 0-0 14. Nf5 Bg6 15. d4 cxd4 16. cxd4 Bxf5 17. exf5 exd4 18. Nxd4 Nxd4 19. Qxd4 d5 20. Bg5 Rc8 21. Bb3 Re8 22. Rac1 Rxc1 23. Rxc1 Qd7 24. Qd3 h6 25. Bf4 Bd6 26. Be3 Be5 27. Rc2 Bb8 28. Qb5 Qxf5 29. Qxa5 Qe5 30. g3 Ne4 31. Qxd5 Qf6 32. Qc6 Qf5 33. Qxe8+ 1-0

[Event "FRA-ch Blitz Online Qual"]
[Site "Europe Echecs INT"]
[Date "2020.05.16"]
[Round "15"]
[White "Vine, Thibault"]
[Black "Gilles, Francois"]
[Result "1-0"]
[WhiteElo "1837"]
[BlackElo "1637"]
[PlyCount "33"]
[EventDate "2020.05.16"]
[EventType "swiss (blitz)"]
[EventRounds "15"]
[EventCountry "FRA"]
[SourceTitle "CBM 196 Extra"]
[Source "ChessBase"]
[SourceDate "2020.07.31"]
[SourceVersion "1"]
[SourceVersionDate "2020.07.31"]
[SourceQuality "1"]

1. e4 Nf6 2. Nc3 d5 3. e5 Ne4 4. d4 Bf5 5. Nf3 e6 6. Bd3 Be7 7. 0-0 0-0 8. Re1 Nxc3 9. bxc3 Bxd3 10. Qxd3 h6 11. h3 Nd7 12. Nh2 f6 13. exf6 Rxf6 14. Ng4 Rf7 15. Qg6 Bf6 16. Nxh6+ Kf8 17. Qxf7# 1-0